| 000 | 01989nam a2200421 a 4500 | ||
|---|---|---|---|
| 001 | ebr10469293 | ||
| 003 | CaPaEBR | ||
| 006 | m u | ||
| 007 | cr cn||||||||| | ||
| 008 | 100604s2010 ilua sb 001 0 eng d | ||
| 010 | _z 2010021719 | ||
| 020 | _z9780838935941 (pbk. : alk. paper) | ||
| 020 | _z083893594X (pbk. : alk. paper) | ||
| 020 | _z9780838998908 (e-book) | ||
| 040 |
_aCaPaEBR _cCaPaEBR |
||
| 035 | _a(OCoLC)732958350 | ||
| 050 | 1 | 4 |
_aZ694.15.R47 _bO45 2010eb |
| 082 | 0 | 4 |
_a025.3/2 _222 |
| 100 | 1 |
_aOliver, Chris, _d1951- |
|
| 245 | 1 | 0 |
_aIntroducing RDA _h[electronic resource] : _ba guide to the basics / _cChris Oliver. |
| 246 | 3 | _aIntroducing Resource Description and Access | |
| 260 |
_aChicago : _bAmerican Library Association, _c2010. |
||
| 300 |
_avii, 124 p. : _bill. |
||
| 490 | 1 | _aALA editions. Special reports | |
| 504 | _aIncludes bibliographical references (p. 105-109) and index. | ||
| 505 | 0 | _aWhat is RDA? -- RDA and the international context -- FRBR and FRAD in RDA -- Continuity with AACR2 -- Where do we see changes? -- Implementing RDA -- Advantages, present and future. | |
| 520 | _aPractical advice for catalogers and library administrators on how to make the transition from the Anglo-American cataloging rules (AACR) to Resource description and access (RDA). | ||
| 533 |
_aElectronic reproduction. _bPalo Alto, Calif. : _cebrary, _d2013. _nAvailable via World Wide Web. _nAccess may be limited to ebrary affiliated libraries. |
||
| 630 | 0 | 0 | _aResource description & access. |
| 630 | 0 | 0 | _aAnglo-American cataloguing rules. |
| 650 | 0 |
_aDescriptive cataloging _xStandards. |
|
| 650 | 0 |
_aCataloging _xStandards. |
|
| 655 | 7 |
_aElectronic books. _2local |
|
| 710 | 2 | _aAmerican Library Association. | |
| 710 | 2 | _aebrary, Inc. | |
| 830 | 0 | _aSpecial reports (American Library Association) | |
| 856 | 4 | 0 |
_uhttp://site.ebrary.com/lib/rucke/Doc?id=10469293 _zAn electronic book accessible through the World Wide Web; click to view |
| 999 |
_c131691 _d131691 |
||